00305nam a2200121Ia 4500008004100000100002100041245001900062260004900081300000900130650002000139942000700159999001700166190216s9999||||xx |||||||||||||| ||und|| aRaman Pillai C V 0aMarthandavarma bSahithya Pravarthaka Sahakarana Sangamc1981 a225p aMalayalam Novel cBK c25882d25882